000 02047cam a2200385Mi 4500
001 ocn491910716
003 TZ-ArACH
005 20130913152536.0
008 050930s2005 be f b 100 0 fre d
020 _a2802720864 (rel)
020 _a9782802720867 (rel)
035 _a(OCoLC)491910716
040 _aZWZ
_encafnor
_bfre
_cTZ-ArACH
041 _aFre
049 _aTZAA
050 _aKJC1676
_b.D76
082 0 4 _a341.481
_221
245 0 3 _aDroit au respect de la vie privée au sens de la Convention européenne des droits de l'homme : actes du colloque /
_h[Texte imprimé] :
_bactes du colloque /
_corganisé par l'Institut de droit européen des droits de l'homme, Faculté de droit, Université Montpellier 1, 26 et 27 novembre 2004 ; Journée nationale d'études de la Commission pour l'étude des Communautés européennes (CEDECE) ; [sous la direction de] Frédéric Sudre.
260 _aBruxelles :
_bBruylant :
_bNémésis,
_c2005.
300 _a1 vol. (336 p.) ;
_c22 cm.
490 1 _aDroit et justice,
_x1378-6458 ;
_v63
504 _aNotes bibliogr.
540 _5130012102
_aNAEUR.
540 _5130012102
_aouvrage.
650 7 _aConvention européenne des droits de l'homme (1950)
_xCongrès.
_2ram
_913572
650 7 _aDroit à la vie privée
_xCongrès.
_2ram
_913573
650 7 _aDroits de l'homme
_xCongrès.
_2ram
_913574
700 1 _aSudre, Frédéric
_d(1949-....).
_eDirecteur de la publication.
_913575
710 2 _aInstitut de droit européen des droits de l'homme (Montpellier).
_eOrganisation du congrès.
_913576
711 2 _aCommission pour l'étude des communautés européennes.
_eJournée nationale d'études
_d(2004 ;
_cMontpellier).
_eOrganisation du congrès.
_913577
830 0 _aDroit et justice ;
_v63.
_913578
942 _2lcc
_cBOOK
999 _c2731
_d2731